Statistiques concernant Personnages AFK ARENA (FR)

Cliquez ici pour prendre le quiz!

Statistiques générales

  • Ce quiz a été pris 36 fois
    (8 depuis la dernière actualisation)
  • Le résultat moyen est 39 sur 140

Statistiques - réponses

Titre du hérosRéponse% Correct
Rayon d'espoirBelinda
71%
Fierté de lion | Griffes de sangBrutus
71%
Le vagabondRowan
71%
La flamme renaissante | Phénix renaissantTalene
71%
PendragonArthur
57%
Murmureur de mortFerael
57%
Protectrice de l'aubeJeanne d'arc
57%
Le fanatiqueKren
57%
Le devinMerlin
57%
La bienveillanteRosaline
57%
L'ombre arcaniqueScarlet
57%
Faiseuse de cadavresShemira
57%
Maîtresse des flots | Merveille floraleSolise
57%
RêveuseTasi
57%
L'exalté | Le vent voiléThane
57%
La diablesse immaculéeAlbedo
43%
La flamme éblouissanteAstar
43%
Messagère de la justiceAthalia
43%
L'abominationBaden
43%
L'enfant perduDaimon
43%
Le reclus des sables mouvantsDrez
43%
Lame des tempêtesEironn
43%
Chevalier de vaillanceEstrilda
43%
Défaite de la mortFawkes
43%
Promesse alcyonienneFlora
43%
Le corrompuGrezhul
43%
de VinciLéonard
43%
EclaireurLucius
43%
La mère trahieLucretia
43%
Gardien des clairièresLyca
43%
Baba YagaMélusine
43%
L'enfant sauvageMishka
43%
Le sinistre corbeauMorrow
43%
Fléau de rancoeurOden
43%
Le garnementRaku
43%
Le roi déchuThoran
43%
Le roi-singeWu Kong
43%
Chaîne incantatoireAinz Ooal Gown
29%
Purificatrice du péchéCecilia
29%
Jumeaux célestesElijah et Lailah
29%
Auditore da FirenzeEzio
29%
Le seigneur des cauchemards | Né de l'enferEzizh
29%
La vierge faroucheGwyneth
29%
Chevalier du royaumeHogan
29%
Fripouille de la forêtIra
29%
Le paladin oubliéIzold
29%
Leader taciturneJoker
29%
La sanglanteKalene
29%
Main des forêtsKaz
29%
Prison spirituelleMehira
29%
Lumière brûlanteMirael
29%
Coeur de la natureNémora
29%
Voyant des originesOrthros
29%
Le gentlemanOscar
29%
L'abracadabrantesquePippa
29%
Roi des lamesPrince of persia
29%
Trompe-la-mortRaine
29%
Maître brasseurRigby
29%
Fille du désertSafiya
29%
Tisseuse de flammesSatrana
29%
L'astucieuxSkreg
29%
Le malcontentTreznor
29%
SyvesèveUlmus
29%
Le sournoisVurk
29%
L'inflexibleZaphrael
29%
L'espion des sablesAlaro
14%
L'unificatriceAnasta
14%
Chant de l'aubeAngelo
14%
Beauté trompeuseAnkhira
14%
La fureur du désertAntandra
14%
Voix de la natureArden
14%
Commun pugilisteArkadios
14%
L'étoile chaotiqueAudrae
14%
Commun pugilisteBloodsnarl
14%
Chimère faroucheCanisa et Ruke
14%
Sinistre sirèneDesira
14%
Commun sauvageonDreaf
14%
Commun sauvageonEletha
14%
L'épine sylvestreEorin
14%
Le gardien maléfiqueFane
14%
Le dévoreur de flammesFramton
14%
Le sorceleurGeralt
14%
Tempête de lamesGolus
14%
L'indomptableGorvo
14%
Le roc du désertGranit
14%
L'ingénieurHaelus
14%
Le DéfenseurHendrik
14%
Le capitaine redoutéHodgkin
14%
L'âme arrachéeIsabella
14%
Poigne pestilentielleKelthur
14%
La terreur geléeKhazard
14%
Le malfaisantLeofric
14%
Chuchoteur du zéphyrLorsan
14%
Commun porteur de lumièreMerek
14%
Boucher des abyssesMezoth
14%
Reine des étoilesMorael
14%
L'insidieuxMortas
14%
Harceleur lointainMorvus
14%
Gardienne de la natureNakoruru
14%
Sculpte-coeurNara
14%
Mort chuchotanteNiru
14%
Champion de la natureOgi
14%
Poing-d'airainOku
14%
La perle rarePeggy
14%
Tacticienne courageuseQueen
14%
Le fils du ventRespen
14%
Le guerrier revigoréSaurus
14%
Coeur vaillantSaveas
14%
Sauveur de la merSeirus
14%
Commun mort-vivantSezis
14%
Souffle arrachéSilvina
14%
Le pondéréSkriath
14%
Reine des enfersSonja
14%
Commun mort-vivantSteixius
14%
L'expiateurTarnos
14%
Mage maniaqueThali
14%
La veuve éploréeTheowyn
14%
Le charmeur de serpentsThesku
14%
Crinière-d'ombreTidus
14%
Gardien des montagnesTitus
14%
Le corsaire errantTorne
14%
Samouraï errantUkyo
14%
Commun porteur de lumièreUlric
14%
Le trépasséVedan
14%
L'archange du sadismeVyloris
14%
Le cow-boy solitaireWalker
14%
La magicienneYennefer
14%
Le paresseuxZikis
14%
Le courseur de videZolrath
14%
La mégère de givreAlna
0%
Garde carminAnoki
0%
L'égide spirituelleEluard
0%
Le turbulentKhasos
0%
Panoptès / Celui qui voit toutNumisu
0%
Le sauvageWarek
0%

Distribution des résultats

Percentile par nombre de réponses

% des personnes avec chaque résultat

Votre développement - résultats

Vous n’avez pas pris ce quiz depuis la dernière actualisation